| 000 | 00421nam a2200157 i 4500 | ||
|---|---|---|---|
| 001 | 84073 | ||
| 003 | ES-MaACL | ||
| 005 | 20230906174936.0 | ||
| 007 | t| | ||
| 008 | 041119s1962 ag ||||1| spa d | ||
| 100 | 1 |
_aJavier, Gregorio. _966207 |
|
| 245 | 1 | 0 |
_aCristo y la sed / _cGregorio Javier. |
| 260 |
_aBuenos Aires : _bPlaza & Janés, _c[1962] |
||
| 300 |
_a210 p. ; _c18 cm. |
||
| 852 |
_aES-MaACL _jC-23021 _bR.51716 |
||
| 999 |
_c84073 _d84073 |
||